000 00617cam a22002291 4500
001 sa 68018959
003 DLC
005 20260227112715.0
008 740912s1964 xx 000 0 ind
010 _asa 68018959
035 _a(OCoLC)1005705
040 _aDLC
_cOAU
_dDLC
042 _apremarc
050 0 0 _aHC447
_b.P75
100 1 _aH., Soetrisno P.
245 1 0 _aEkonomi sosialis Indonesia (capita selecta).
260 _aJogjakarta,
_bDwitunggal
_c[1964?-
300 _av.
_c21 cm.
500 _aCover title.
651 0 _aIndonesia
_xEconomic conditions
_y1945-
651 0 _aIndonesia
_xEconomic policy.
999 _c88741
_d88741